[Event "XXV Miedzynarodowy Festiwal Szachowy w Poznaniu - OPEN A"]
[Site "Poznan"]
[Date "2017-08-20"]
[Round "2.1"]
[White "Kozlowska, Marzena "]
[Black "Tomczak, Jacek "]
[Result "0-1"]
[WhiteTitle ""]
[BlackTitle ""]
[WhiteElo "1970"]
[BlackElo "2598"]

1. e4 c6 2. d4 d5 3. exd5 cxd5 4. Nf3 Nc6 5. Bd3 Bg4 6. c3 e6 7. Bf4 Bd6 8. Bxd6
Qxd6 9. Nbd2 Nge7 10. O-O f6 11. Qc2 e5 12. dxe5 fxe5 13. Bb5 O-O 14. Qa4 Rf4
15. Qb3 Raf8 16. Ne1 a6 17. Bxc6 bxc6 18. f3 e4 19. Nxe4 Rxe4 20. Nc2 Bxf3 21.
Rxf3 Rxf3 22. gxf3 Re2 0-1

[Event "XXV Miedzynarodowy Festiwal Szachowy w Poznaniu - OPEN A"]
[Site "Poznan"]
[Date "2017-08-20"]
[Round "2.2"]
[White "Szelag, Marcin "]
[Black "Rozumek, Krzysztof "]
[Result "1-0"]
[WhiteTitle ""]
[BlackTitle ""]
[WhiteElo "2456"]
[BlackElo "1952"]

1. e4 c6 2. d4 d5 3. Nc3 dxe4 4. Nxe4 Bf5 5. Ng3 Bg6 6. h4 h6 7. Nf3 Nd7 8. h5
Bh7 9. Bd3 Bxd3 10. Qxd3 Ngf6 11. Bf4 e6 12. O-O-O Qa5 13. Kb1 Be7 14. Bd2 Qc7
15. Ne4 b5 16. Nxf6+ Bxf6 17. g4 a5 18. Qe4 Qd6 19. Ne5 Qd5 20. Rhe1 Bxe5 21.
dxe5 Qxe4 22. Rxe4 Nb6 23. Be3 Nd5 24. Bc5 O-O-O 25. Kc1 Kb7 26. c3 Kc7 27. Kc2
Rd7 28. Red4 Rhd8 29. a3 Kb7 30. b3 f6 31. Re1 fxe5 32. Rxe5 Nc7 33. Rxd7 Rxd7
34. c4 Rf7 35. Kd3 Rf4 36. Re4 Rf7 37. Ke3 Rd7 38. f4 Na6 39. Bd4 c5 40. Bb2 bxc4
41. bxc4 Nc7 42. g5 Kc6 43. g6 a4 44. Bc3 Kb6 45. Ke2 Kc6 46. Re3 Kb6 47. Kf3
Kc6 48. Kg4 Re7 49. Rd3 Ne8 50. Be5 Nc7 1-0

[Event "XXV Miedzynarodowy Festiwal Szachowy w Poznaniu - OPEN A"]
[Site "Poznan"]
[Date "2017-08-20"]
[Round "2.3"]
[White "Nadstoga, Wojciech "]
[Black "Urban, Klaudiusz "]
[Result "0-1"]
[WhiteTitle ""]
[BlackTitle ""]
[WhiteElo "1926"]
[BlackElo "2426"]

1. Nf3 c5 2. g3 g6 3. Bg2 Bg7 4. d3 Nc6 5. c3 d5 6. Qc2 Nf6 7. e4 O-O 8. O-O e5
9. Re1 h6 10. Nbd2 Be6 11. Bf1 Re8 12. b3 Rc8 13. a4 b6 14. Ba3 Nd7 15. Bg2 d4
16. Nc4 Bf8 17. Rad1 a6 18. cxd4 exd4 19. e5 Qc7 20. Nd6 Bxd6 21. exd6 Qxd6 22.
Qd2 Bxb3 23. Qxh6 Bxd1 24. Rxd1 Nce5 25. Ng5 Nf6 26. h3 Qf8 27. Qxf8+ Rxf8 28.
Bb7 Rc7 29. Bxa6 Nd5 30. Rb1 Ra8 31. f4 Rxa6 32. fxe5 Rxa4 33. Bc1 Nc3 34. Rxb6
Ra1 35. e6 Rxc1+ 36. Kf2 f6 37. Rb8+ Kg7 38. Rd8 fxg5 39. Rd7+ Kf6 40. Rxc7 Kxe6
41. Rc6+ Kf7 42. Rc7+ Kf6 43. Rc6+ Kg7 44. Kf3 Rf1+ 45. Kg2 Rf5 46. g4 Re5 47.
Rc7+ Kh6 48. Kf3 Re3+ 49. Kg2 Nd5 50. Rxc5 Nf4+ 0-1

[Event "XXV Miedzynarodowy Festiwal Szachowy w Poznaniu - OPEN A"]
[Site "Poznan"]
[Date "2017-08-20"]
[Round "2.4"]
[White "Sieciechowicz, Marcin"]
[Black "Niemier, Hubert"]
[Result "1-0"]
[WhiteTitle ""]
[BlackTitle ""]
[WhiteElo "2408"]
[BlackElo "1924"]

1. d4 d5 2. c4 c6 3. Nf3 Nf6 4. Nc3 dxc4 5. a4 Bf5 6. Ne5 Nbd7 7. Nxc4 Nb6 8. Ne5
e6 9. f3 h6 10. e4 Bh7 11. a5 Nbd7 12. a6 Qc8 13. axb7 Qxb7 14. Nc4 Be7 15. Be2
O-O 16. O-O c5 17. d5 exd5 18. exd5 Nb6 19. Na5 Qd7 20. Bb5 Qc7 21. Bc6 Rad8 22.
Nb7 Nbxd5 23. Nxd5 Nxd5 24. Nxd8 Rxd8 25. Bxd5 Bd6 26. f4 Qe7 27. Qf3 1-0

[Event "XXV Miedzynarodowy Festiwal Szachowy w Poznaniu - OPEN A"]
[Site "Poznan"]
[Date "2017-08-20"]
[Round "2.5"]
[White "Sobczak, Miroslaw"]
[Black "Chojnacki, Krzysztof "]
[Result "0-1"]
[WhiteTitle ""]
[BlackTitle ""]
[WhiteElo "1925"]
[BlackElo "2377"]

1. e4 d6 2. d4 Nf6 3. Nc3 g6 4. Be3 Bg7 5. f3 c6 6. Qd2 b5 7. g4 h5 8. g5 Nfd7
9. h4 Nb6 10. b3 O-O 11. Rd1 Qc7 12. Bh3 Bxh3 13. Nxh3 N8d7 14. O-O a5 15. f4
d5 16. e5 b4 17. Na4 Nxa4 18. bxa4 e6 19. Qf2 Nb6 20. Ra1 Nxa4 21. a3 bxa3 22.
Rxa3 Nb6 23. Bc1 Nc4 24. Ra2 Rfc8 25. Ba3 Nxa3 26. Rxa3 Bf8 27. Ra4 c5 0-1

[Event "XXV Miedzynarodowy Festiwal Szachowy w Poznaniu - OPEN A"]
[Site "Poznan"]
[Date "2017-08-20"]
[Round "2.6"]
[White "Niekras, Dawid "]
[Black "Stachowiak, Slawomir "]
[Result "1-0"]
[WhiteTitle ""]
[BlackTitle ""]
[WhiteElo "2277"]
[BlackElo "1915"]

1. e4 e5 2. Nf3 Nc6 3. Bb5 a6 4. Ba4 Be7 5. O-O b5 6. Bb3 d6 7. c3 Nf6 8. h3 Na5
9. Bc2 c5 10. d4 Qc7 11. Nbd2 O-O 12. Re1 g6 13. Nf1 Ne8 14. Bh6 Ng7 15. Ne3 Bb7
16. d5 Bc8 17. g4 Bd7 18. Kh2 Qc8 19. Rg1 Nb7 20. Nf5 Bxf5 21. exf5 Re8 22. Nd2
c4 23. Qf3 Qd8 24. Ne4 f6 25. g5 Nc5 26. gxf6 Bxf6 27. fxg6 Nxe4 28. Qxe4 Ra7
29. Rg2 Kh8 30. Rag1 Ree7 31. Rg3 Rec7 32. Rf3 Rab7 33. gxh7 Rf7 34. Rg6 Bh4 35.
Rxg7 Rxg7 36. Qxh4 Rgd7 37. Rf8+ Qxf8 38. Bxf8 Rf7 39. Bxd6 1-0

[Event "XXV Miedzynarodowy Festiwal Szachowy w Poznaniu - OPEN A"]
[Site "Poznan"]
[Date "2017-08-20"]
[Round "2.7"]
[White "Kozlowski, Tomasz"]
[Black "Schmidt, Wlodzimierz "]
[Result "0-1"]
[WhiteTitle ""]
[BlackTitle ""]
[WhiteElo "1918"]
[BlackElo "2272"]

1. e4 e6 2. Nc3 d5 3. d4 Nf6 4. Bg5 Bb4 5. e5 h6 6. Bd2 Bxc3 7. bxc3 Ne4 8. Bd3
Nxd2 9. Qxd2 c5 10. Nf3 Nc6 11. O-O Qa5 12. dxc5 Qxc5 13. Rab1 O-O 14. g4 f6 15.
Rfe1 Qe7 16. c4 fxe5 17. Nxe5 Qh4 18. Bh7+ Kxh7 19. Qd3+ Kg8 20. f3 Nxe5 21. Rxe5
Qf6 22. Re3 d4 23. Re4 e5 24. Rf1 Bd7 25. f4 exf4 26. Rxd4 Bc6 27. Rdxf4 Qxf4
28. Rxf4 Rxf4 29. h3 Raf8 30. Qd6 Rf1+ 31. Kh2 Rh1+ 32. Kg3 Rf3+ 0-1

[Event "XXV Miedzynarodowy Festiwal Szachowy w Poznaniu - OPEN A"]
[Site "Poznan"]
[Date "2017-08-20"]
[Round "2.8"]
[White "Polok, Kacper"]
[Black "Niedbala, Wojciech "]
[Result "1-0"]
[WhiteTitle ""]
[BlackTitle ""]
[WhiteElo "2249"]
[BlackElo "1908"]

1. e4 c5 2. Nf3 d6 3. d4 cxd4 4. Nxd4 Nf6 5. Nc3 a6 6. Bg5 e6 7. f4 h6 8. Bh4 Qb6
9. Qd3 Qxb2 10. Rb1 Qa3 11. f5 Be7 12. fxe6 fxe6 13. Be2 Nxe4 14. Bh5+ Kd7 15.
O-O Nc5 16. Rf7 Nc6 17. Bxe7 Nxd3 18. Bh4+ Ke8 19. Re7+ Kf8 20. Re8# 1-0

[Event "XXV Miedzynarodowy Festiwal Szachowy w Poznaniu - OPEN A"]
[Site "Poznan"]
[Date "2017-08-20"]
[Round "2.9"]
[White "Kaluzny, Lukasz"]
[Black "Zakrzewski, Marek"]
[Result "1/2-1/2"]
[WhiteTitle ""]
[BlackTitle ""]
[WhiteElo "1910"]
[BlackElo "2237"]

1. e4 c5 2. Nf3 a6 3. c4 e6 4. Nc3 Nc6 5. Be2 g5 6. h3 Bg7 7. d3 h6 8. Be3 Nd4
9. O-O Ne7 10. Rc1 O-O 11. Nh2 Ng6 12. Bh5 Nf4 13. g3 Nxh5 14. Qxh5 f6 15. Bxd4
cxd4 16. Ne2 f5 17. exf5 exf5 18. f4 Qe8 19. Qxe8 Rxe8 20. Kf2 d6 21. Nf3 gxf4
22. Nxf4 Bd7 23. Nd5 Rad8 24. Rfe1 b5 25. b3 bxc4 26. bxc4 Rxe1 27. Rxe1 Rb8 28.
Re2 Rb1 29. Re1 Rb8 30. Re2 a5 31. Nh4 Be5 32. Nf3 1/2-1/2

[Event "XXV Miedzynarodowy Festiwal Szachowy w Poznaniu - OPEN A"]
[Site "Poznan"]
[Date "2017-08-20"]
[Round "2.10"]
[White "Raczynski, Krzysztof "]
[Black "Kaluzny, Tomasz"]
[Result "1-0"]
[WhiteTitle ""]
[BlackTitle ""]
[WhiteElo "2208"]
[BlackElo "1890"]

1. e4 c5 2. Nf3 Nc6 3. d4 cxd4 4. Nxd4 Nf6 5. Nc3 d6 6. Bg5 e6 7. Qd2 a6 8. O-O-O
Bd7 9. f4 b5 10. Bxf6 gxf6 11. Kb1 Qb6 12. Nxc6 Bxc6 13. f5 b4 14. Ne2 e5 15.
Ng3 h5 16. h4 Rd8 17. Bc4 Qc5 18. Qe2 a5 19. b3 Ke7 20. Nxh5 Bxe4 21. Qxe4 Rxh5
22. g4 Rh7 23. Rd5 Qa7 24. g5 Bg7 25. Rb5 Rd7 26. Qd5 Kd8 27. Rxa5 Qb7 28. Ra8+
Kc7 29. Qa5+ Qb6 30. Ra7+ Kc6 31. Bd5# 1-0

[Event "XXV Miedzynarodowy Festiwal Szachowy w Poznaniu - OPEN A"]
[Site "Poznan"]
[Date "2017-08-20"]
[Round "2.11"]
[White "Zielinski, Olgierd "]
[Black "Koitka, Jakub"]
[Result "0-1"]
[WhiteTitle ""]
[BlackTitle ""]
[WhiteElo "1869"]
[BlackElo "2144"]

1. e4 c5 2. Nf3 Nc6 3. Bb5 g6 4. Bxc6 dxc6 5. O-O Bg7 6. d3 e5 7. Be3 Qe7 8. h3
Nf6 9. Bg5 h6 10. Bxf6 Qxf6 11. Nbd2 O-O 12. Qe2 Qe7 13. Rfe1 Be6 14. Nc4 Qc7
15. Qe3 b6 16. a4 Rad8 17. Ncd2 Qd6 18. Nc4 Qc7 19. Ncd2 Qe7 20. Nc4 Bc8 21. a5
b5 22. Ncd2 Rfe8 23. Ra3 Bf8 24. a6 Qd6 25. Rea1 Qc7 26. c4 Qd6 27. Ne1 Qd4 28.
Rc3 b4 29. Rc2 Qxe3 30. fxe3 f5 31. Kf2 Be7 32. Ke2 f4 33. Nb3 fxe3 34. Nf3 Rd6
35. Kxe3 Rf6 36. Rf2 Ref8 37. Ke2 g5 38. Rff1 Bd6 39. Ra5 h5 40. Nfd2 Rxf1 41.
Nxf1 g4 42. h4 Bc7 43. Rxc5 Bd7 44. d4 Bd6 45. dxe5 Bxc5 46. Nxc5 Bc8 47. Ng3
Re8 48. Ke3 Rxe5 49. Kd4 Re8 50. Nxh5 Kf7 51. g3 Rd8+ 52. Ke5 Rd2 53. b3 Ke7 54.
Nf4 Rd1 55. Ncd3 Bxa6 56. Nxb4 Bb7 57. Nbd3 a5 58. Nc5 Bc8 59. Ng6+ Kf7 60. Nf4
Rg1 61. Kd6 Rxg3 62. e5 Rf3 63. e6+ Bxe6 64. Ncxe6 Rxb3 65. Ng5+ Kg8 66. h5 a4
67. h6 Rh3 68. Nfxh3 gxh3 69. Nxh3 a3 0-1

[Event "XXV Miedzynarodowy Festiwal Szachowy w Poznaniu - OPEN A"]
[Site "Poznan"]
[Date "2017-08-20"]
[Round "2.12"]
[White "Jedras, Piotr"]
[Black "Szymanski, Zbigniew"]
[Result "1-0"]
[WhiteTitle ""]
[BlackTitle ""]
[WhiteElo "2091"]
[BlackElo "1844"]

1. e4 e6 2. d4 d5 3. Nc3 dxe4 4. Nxe4 Bd7 5. Nf3 Bc6 6. Bd3 Nd7 7. Qe2 Ngf6 8.
Nxf6+ Qxf6 9. Bg5 Bxf3 10. Qe3 Bxg2 11. Bxf6 Bxh1 12. Bh4 Bc6 13. O-O-O Bd6 14.
c4 Nf6 15. Bg3 O-O 16. Bxd6 cxd6 17. Rg1 g6 18. Qf4 Nh5 19. Qxd6 Rfd8 20. Qe5
Ng7 21. h4 Bf3 22. Rg3 Bh5 23. Be4 Rac8 24. Rc3 Rd7 25. c5 Rcd8 26. Rc4 Be2 27.
Rb4 a5 28. Rxb7 Rxd4 29. Rb8 Rd1+ 30. Kc2 Bg4 31. Rxd8+ Rxd8 32. f3 Bf5 33. Qc7
1-0

[Event "XXV Miedzynarodowy Festiwal Szachowy w Poznaniu - OPEN A"]
[Site "Poznan"]
[Date "2017-08-20"]
[Round "2.13"]
[White "Huchwajda, Grzegorz"]
[Black "Zadymov, Ihor"]
[Result "0-1"]
[WhiteTitle ""]
[BlackTitle ""]
[WhiteElo "1566"]
[BlackElo "2089"]

1. e4 c5 2. d4 cxd4 3. c3 d5 4. exd5 Qxd5 5. cxd4 Nc6 6. Be3 Nf6 7. Nc3 Qd8 8.
Nf3 e6 9. Rc1 Be7 10. Bb5 Bd7 11. O-O a6 12. Bd3 O-O 13. Bb1 Nb4 14. a3 Nbd5 15.
Ne5 Nxc3 16. Rxc3 Rc8 17. Qd2 Rxc3 18. Qxc3 Bb5 19. Rc1 Qd5 20. f3 Qd6 21. Qc2
Rd8 22. b4 g6 23. Qd1 Nd5 24. Bf2 Bf6 25. Nc4 Bxc4 26. Rxc4 Nb6 27. Bg3 Bxd4+
28. Kf1 e5 29. Rc2 Qd7 30. Bf2 Na4 31. Bxd4 exd4 32. Qd3 Nc3 33. Rd2 Qa4 34. Bc2
Qxa3 35. Kf2 Qxb4 36. Bd1 a5 37. f4 Ne4+ 0-1

[Event "XXV Miedzynarodowy Festiwal Szachowy w Poznaniu - OPEN A"]
[Site "Poznan"]
[Date "2017-08-20"]
[Round "2.14"]
[White "Nowak, Mikolaj "]
[Black "Nun, Grzegorz"]
[Result "1/2-1/2"]
[WhiteTitle ""]
[BlackTitle ""]
[WhiteElo "2076"]
[BlackElo "1829"]

1. f4 d5 2. Nf3 Nf6 3. g3 e6 4. Bg2 Be7 5. O-O O-O 6. d3 c5 7. Qe1 Nc6 8. e4 dxe4
9. dxe4 Qc7 10. Nc3 a6 11. Be3 b5 12. e5 Nd5 13. Bf2 Nxc3 14. Qxc3 Nb4 15. Nd2
Nd5 16. Qf3 Rb8 17. c4 bxc4 18. Nxc4 Nb6 19. Nxb6 Rxb6 20. b3 Bb7 21. Qc3 Bxg2
22. Kxg2 Rc6 23. Rac1 Rd8 24. Rc2 Rd5 25. Rfc1 Qd7 26. Qf3 a5 27. Rc3 g6 28. h4
Rc8 29. a3 Rd2 30. Kh3 Qb5 31. h5 Bf8 32. Rc4 Rcd8 1/2-1/2

[Event "XXV Miedzynarodowy Festiwal Szachowy w Poznaniu - OPEN A"]
[Site "Poznan"]
[Date "2017-08-20"]
[Round "2.15"]
[White "Wilk, Oktawia"]
[Black "Orzechowski, Jacek "]
[Result "0-1"]
[WhiteTitle ""]
[BlackTitle ""]
[WhiteElo "1848"]
[BlackElo "2069"]

1. e4 c5 2. Nf3 e6 3. d4 cxd4 4. Nxd4 Nc6 5. Be3 Nf6 6. Nc3 Bb4 7. f3 d5 8. Nxc6
bxc6 9. exd5 Nxd5 10. Bd2 Nxc3 11. Bxc3 Bxc3+ 12. bxc3 Qa5 13. Qd4 O-O 14. Bd3
e5 15. Qb4 Qb6 16. Qe4 f5 17. Qxe5 Ba6 18. Qd4 c5 19. Qd5+ Kh8 20. Bxa6 Qxa6 21.
Qd3 c4 22. Qd4 Rad8 23. Qf2 Rfe8+ 24. Kf1 Qxa2 25. Rc1 Qb2 26. Re1 Rxe1+ 27. Qxe1
Qxc2 28. Qe2 Rd1+ 0-1

[Event "XXV Miedzynarodowy Festiwal Szachowy w Poznaniu - OPEN A"]
[Site "Poznan"]
[Date "2017-08-20"]
[Round "2.16"]
[White "Zakoscielna, Kinga "]
[Black "Augustowski, Janusz"]
[Result "1-0"]
[WhiteTitle ""]
[BlackTitle ""]
[WhiteElo "2059"]
[BlackElo "1810"]

1. e4 c5 2. Nf3 Nc6 3. Nc3 e5 4. Bc4 d6 5. h3 Be7 6. Nd5 Be6 7. d3 Nf6 8. c3 O-O
9. Nxe7+ Qxe7 10. Qe2 d5 11. exd5 Bxd5 12. Bb5 Bxf3 13. gxf3 Qd6 14. Bg5 Nd5 15.
O-O-O f6 16. Be3 a6 17. Ba4 b5 18. Bb3 Na5 19. Bc2 Qc7 20. Kb1 Rab8 21. Ka1 Rfd8
22. d4 cxd4 23. cxd4 Nb4 24. Bf5 Nb3+ 25. Kb1 Nxd4 26. Bxd4 exd4 27. Qe4 Qe5 28.
Bxh7+ Kf8 29. a3 Nd5 30. Rxd4 Rbc8 31. Rhd1 Rc5 32. Ka1 a5 33. R4d2 b4 34. Qxe5
fxe5 35. Be4 bxa3 36. bxa3 Rdc8 37. Rxd5 Rc1+ 38. Rxc1 Rxc1+ 39. Kb2 Rf1 40. Rxa5
1-0

[Event "XXV Miedzynarodowy Festiwal Szachowy w Poznaniu - OPEN A"]
[Site "Poznan"]
[Date "2017-08-20"]
[Round "2.17"]
[White "Malaczek, Mateusz"]
[Black "Bednarska-bzdega, Malgorzata "]
[Result "1-0"]
[WhiteTitle ""]
[BlackTitle ""]
[WhiteElo "1950"]
[BlackElo "2047"]

1. c4 Nf6 2. Nf3 g6 3. g3 Bg7 4. Bg2 d5 5. O-O dxc4 6. Qa4+ c6 7. Qxc4 O-O 8. Nc3
Nbd7 9. d4 Nb6 10. Qb3 Be6 11. Qc2 Bf5 12. e4 Bg4 13. Rd1 Qc8 14. Ne2 Bxf3 15.
Bxf3 Rd8 16. a4 a5 17. Qb3 Nbd7 18. e5 Nd5 19. Bg5 Kf8 20. Bxd5 cxd5 21. Nf4 h6
22. Bxe7+ Kxe7 23. Nxd5+ Ke8 24. Rac1 Qb8 25. e6 Nf6 26. exf7+ Kf8 27. Nf4 Bh8
28. Ne6+ Ke7 29. Rc7+ Nd7 30. Nxd8 Qxd8 31. Re1+ Kd6 32. Rc5 Nxc5 33. dxc5+ Kc6
34. Qb5+ Kd5 35. Rd1+ Bd4 36. c6+ Ke6 37. cxb7 Rb8 38. Rxd4 Qxd4 39. Qe8+ 1-0

[Event "XXV Miedzynarodowy Festiwal Szachowy w Poznaniu - OPEN A"]
[Site "Poznan"]
[Date "2017-08-20"]
[Round "2.18"]
[White "Madrawski, Krzysztof "]
[Black "Huchwajda, Katarzyna "]
[Result "1-0"]
[WhiteTitle ""]
[BlackTitle ""]
[WhiteElo "2043"]
[BlackElo "1779"]

1. Nf3 c5 2. c4 g6 3. g3 Nf6 4. b3 Bg7 5. Bb2 O-O 6. Bg2 d5 7. cxd5 Qxd5 8. Nc3
Qd8 9. O-O Be6 10. Na4 Na6 11. Rc1 Rc8 12. d3 b6 13. Rc2 Bd5 14. Qa1 Bc6 15. Nc3
Nb4 16. Rd2 Bh6 17. e3 Qc7 18. a3 Nbd5 19. Nxd5 Bxd5 20. b4 Qb7 21. Nh4 Bxg2 22.
Nxg2 cxb4 23. Bxf6 exf6 24. axb4 f5 25. Ra2 Rc7 26. Qb2 Bg7 27. d4 Rfc8 28. Nf4
Bf8 29. b5 Qe4 30. Rfa1 Rc2 31. Qb1 g5 32. Rxc2 Qxc2 33. Nd3 Qxb1+ 34. Rxb1 Bd6
35. Rc1 Rxc1+ 36. Nxc1 Kf8 37. f3 Ke7 38. Kf2 Kd7 39. Nd3 Kc7 40. e4 a6 41. bxa6
b5 42. e5 Bf8 43. d5 Kb6 44. Ke3 Kxa6 45. Kd4 Kb6 46. d6 Kc6 47. Nb4+ Kd7 48.
Kd5 h6 49. Nd3 h5 50. Nc5+ Kc8 51. Kc6 b4 52. d7+ 1-0

[Event "XXV Miedzynarodowy Festiwal Szachowy w Poznaniu - OPEN A"]
[Site "Poznan"]
[Date "2017-08-20"]
[Round "2.19"]
[White "Simon, Marek "]
[Black "Banach, Szymon "]
[Result "1/2-1/2"]
[WhiteTitle ""]
[BlackTitle ""]
[WhiteElo "1837"]
[BlackElo "2040"]

1. d4 f5 2. c4 Nf6 3. g3 g6 4. Bg2 Bg7 5. Nc3 O-O 6. Nf3 d6 7. O-O h6 8. Re1 Nbd7
9. e4 fxe4 10. Nxe4 Nxe4 11. Rxe4 Nf6 12. Re1 Bg4 13. h3 Bxf3 14. Qxf3 c6 15.
Qd3 Kh7 16. d5 cxd5 17. cxd5 Nd7 18. Qe2 Rf7 19. Be3 Qa5 20. b4 Qa4 21. Rac1 a5
22. b5 Nc5 23. Rc2 Raf8 24. Rb1 Bd4 25. Rc4 Bxe3 26. Rxa4 Bxf2+ 27. Kh2 Nxa4 28.
Rf1 Nc5 29. b6 h5 30. Qc4 Rf6 31. Qb5 a4 32. Qe2 R8f7 33. Qc4 Rf5 34. Qb5 Ne4
35. Bxe4 Bxg3+ 36. Kxg3 Rxf1 37. Qe2 Kh6 38. Kg2 R1f4 39. Qc2 a3 40. Qe2 Kg7 41.
Bc2 Kh6 42. Qe3 Kg7 43. Qc3+ Kh6 44. Qe3 Kh7 45. Qg3 R7f6 46. Qe3 Rf7 47. Qg3
R7f6 48. Qe3 Rf7 49. Qg3 1/2-1/2

[Event "XXV Miedzynarodowy Festiwal Szachowy w Poznaniu - OPEN A"]
[Site "Poznan"]
[Date "2017-08-20"]
[Round "2.20"]
[White "Bajerlein, Dawid "]
[Black "Lisiecki, Robert "]
[Result "1-0"]
[WhiteTitle ""]
[BlackTitle ""]
[WhiteElo "2037"]
[BlackElo "1772"]

1. d4 Nf6 2. Nf3 g6 3. c4 Bg7 4. Nc3 d6 5. g3 Bf5 6. Bg2 Ne4 7. Nh4 Nxc3 8. bxc3
c6 9. Nxf5 gxf5 10. Qd3 Qa5 11. O-O Nd7 12. Rb1 Rb8 13. Re1 O-O 14. e4 fxe4 15.
Rxe4 Qf5 16. Bh3 Qxh3 17. Rh4 Qxh4 18. gxh4 Nf6 19. Bg5 Kh8 20. Qe3 e6 21. Qf4
Rg8 22. Kf1 e5 23. Qf5 Ne8 24. Qxf7 exd4 25. cxd4 Rf8 26. Qe7 Nf6 27. Rxb7 Rxb7
28. Qxb7 Ng4 29. Qxc6 Nxf2 30. Be7 1-0

[Event "XXV Miedzynarodowy Festiwal Szachowy w Poznaniu - OPEN A"]
[Site "Poznan"]
[Date "2017-08-20"]
[Round "2.21"]
[White "Sacharewicz, Krzysztof "]
[Black "Motyl, Tomasz"]
[Result "0-1"]
[WhiteTitle ""]
[BlackTitle ""]
[WhiteElo "1800"]
[BlackElo "2027"]

1. e4 c6 2. d4 d5 3. f3 Nf6 4. e5 Nfd7 5. f4 e6 6. Nf3 c5 7. c3 Nc6 8. Be3 Rb8
9. Nbd2 b5 10. Be2 b4 11. O-O Qb6 12. Qc2 g6 13. Rfb1 Ba6 14. Bxa6 Qxa6 15. b3
bxc3 16. Qxc3 cxd4 17. Nxd4 Nxd4 18. Bxd4 Bb4 19. Qe3 O-O 20. Nf3 Rbc8 21. h3
Bc5 22. Rc1 Bxd4 23. Nxd4 Rxc1+ 24. Qxc1 Rc8 25. Qd2 Nc5 26. Rc1 Ne4 27. Rxc8+
Qxc8 28. Qc2 Qa6 29. a4 Qb6 30. Qb2 Nc5 31. g3 Nxa4 32. Qa1 Nc5 33. Kg2 a5 34.
Qc3 Kg7 35. g4 Ne4 36. Qe3 Qc7 37. h4 Qe7 38. Qe1 Qa3 39. Qe2 Qa1 40. Qe3 Qb2+
41. Kh3 Qb1 42. Qf3 Qg1 43. Ne2 Nf2+ 0-1

[Event "XXV Miedzynarodowy Festiwal Szachowy w Poznaniu - OPEN A"]
[Site "Poznan"]
[Date "2017-08-20"]
[Round "2.22"]
[White "Kus, Aleksander"]
[Black "Wojdak, Karol"]
[Result "1-0"]
[WhiteTitle ""]
[BlackTitle ""]
[WhiteElo "2012"]
[BlackElo "1372"]

1. e4 e5 2. Nf3 Nc6 3. Bb5 a6 4. Ba4 Bc5 5. c3 b5 6. Bc2 Nf6 7. O-O d6 8. d3 h6
9. h3 O-O 10. Re1 Bd7 11. Nbd2 Qc8 12. Nf1 Bb6 13. Nh4 g5 14. Nf3 Kg7 15. Ng3
g4 16. Nh4 Ne7 17. d4 gxh3 18. Nh5+ Nxh5 19. Qxh5 Rh8 20. Re3 Ng8 21. Rg3+ Kf8
22. dxe5 h2+ 23. Kxh2 Rh7 24. Be3 Bxe3 25. fxe3 Be6 26. Rf1 Ke7 27. Nf5+ Kd7 28.
exd6 cxd6 29. Rd1 Qc5 30. Qf3 Bxf5 31. exf5 Rb8 32. f6 Rh8 33. Rg7 Qe5+ 34. Kg1
Ke6 35. Bb3+ 1-0

[Event "XXV Miedzynarodowy Festiwal Szachowy w Poznaniu - OPEN A"]
[Site "Poznan"]
[Date "2017-08-20"]
[Round "2.23"]
[White "Lascar, Radoslawa"]
[Black "Malyovanyi, Yulian "]
[Result "0-1"]
[WhiteTitle ""]
[BlackTitle ""]
[WhiteElo "1778"]
[BlackElo "2006"]

1. e4 c5 2. c3 d5 3. exd5 Qxd5 4. d4 g6 5. dxc5 Qxc5 6. Be3 Qc7 7. Nf3 Bg7 8. Be2
Nh6 9. Nd4 a6 10. Nd2 e5 11. N4b3 Nd7 12. f3 Nf5 13. Bf2 O-O 14. a4 b6 15. Nc4
Bb7 16. a5 Rad8 17. Qb1 b5 18. Nb6 Bh6 19. Nxd7 Rxd7 20. O-O Be3 21. Bd3 Bxf2+
22. Rxf2 Ne3 23. Re2 Nc4 24. Qc2 Rfd8 25. Bxc4 bxc4 26. Nd2 f5 27. Rae1 Qxa5 28.
b4 Qb6+ 29. Kh1 Qc7 30. Qa2 Rd3 31. Qxc4+ Qxc4 32. Nxc4 e4 33. fxe4 Bxe4 34. Re3
Rxe3 35. Nxe3 Rd2 36. Rg1 f4 37. Nc4 Rc2 0-1

[Event "XXV Miedzynarodowy Festiwal Szachowy w Poznaniu - OPEN A"]
[Site "Poznan"]
[Date "2017-08-20"]
[Round "2.24"]
[White "Nowak, Rafal "]
[Black "Lapinski, Jerzy"]
[Result "1-0"]
[WhiteTitle ""]
[BlackTitle ""]
[WhiteElo "1996"]
[BlackElo "1280"]

1. d4 d5 2. Bg5 Bf5 3. e3 Nd7 4. c4 Ngf6 5. Nc3 c6 6. cxd5 cxd5 7. Nf3 Qa5 8. Qb3
b6 9. Bxf6 Nxf6 10. Ne5 Rc8 11. Bb5+ Bd7 12. Nxd7 Nxd7 13. Qxd5 Rd8 14. Bxd7+
Rxd7 15. Qa8+ Rd8 16. Qc6+ Rd7 17. O-O Qa6 18. Rac1 Qb7 19. d5 a6 20. Na4 b5 21.
Nb6 Qxc6 22. dxc6 Rc7 23. Nd5 Rc8 24. c7 1-0

[Event "XXV Miedzynarodowy Festiwal Szachowy w Poznaniu - OPEN A"]
[Site "Poznan"]
[Date "2017-08-20"]
[Round "2.25"]
[White "Kukorowski, Jan"]
[Black "Michalski, Karol "]
[Result "0-1"]
[WhiteTitle ""]
[BlackTitle ""]
[WhiteElo "1670"]
[BlackElo "1992"]

1. e4 g6 2. d4 Bg7 3. Nc3 c6 4. f4 d6 5. Nf3 b5 6. Bd3 Qb6 7. Be3 e5 8. Ne2 Bg4
9. Qd2 exf4 10. Bxf4 Bxf3 11. gxf3 c5 12. dxc5 dxc5 13. Nc3 Ne7 14. Nxb5 O-O 15.
Nc7 Nbc6 16. Nxa8 Rxa8 17. c3 Rd8 18. Qc2 c4 19. Bxc4 Ne5 20. Be2 N7c6 21. Bd2
Rc8 22. Qb3 Qc5 23. f4 Nd7 24. Bc4 Qh5 25. Bxf7+ Kf8 26. Qd5 Qh4+ 27. Kd1 Nb6
28. Qe6 Qf2 29. Qb3 Qf3+ 0-1

[Event "XXV Miedzynarodowy Festiwal Szachowy w Poznaniu - OPEN A"]
[Site "Poznan"]
[Date "2017-08-20"]
[Round "2.26"]
[White "Purzycki, Jan Dawid"]
[Black "Kaluzny, Jan "]
[Result "1-0"]
[WhiteTitle ""]
[BlackTitle ""]
[WhiteElo "1982"]
[BlackElo "1350"]

1. d4 d5 2. c4 c6 3. Nc3 e6 4. e3 Nf6 5. Nf3 Be7 6. Qc2 O-O 7. b3 Nbd7 8. Bb2 b6
9. cxd5 exd5 10. Bd3 Bb7 11. O-O c5 12. Rfd1 Rc8 13. Ne5 cxd4 14. exd4 Nxe5 15.
dxe5 Nd7 16. Bxh7+ Kh8 17. Bf5 Qc7 18. Qd3 g6 19. Qh3+ Kg8 20. Bxd7 Rcd8 21. e6
Qf4 22. Nxd5 Qh4 23. Nxe7+ 1-0

[Event "XXV Miedzynarodowy Festiwal Szachowy w Poznaniu - OPEN A"]
[Site "Poznan"]
[Date "2017-08-20"]
[Round "2.28"]
[White "Duszczak, Dariusz"]
[Black "Nicikowski, Jozef"]
[Result "1-0"]
[WhiteTitle ""]
[BlackTitle ""]
[WhiteElo "1892"]
[BlackElo "1490"]

1. e4 d5 2. exd5 Nf6 3. Nc3 Nxd5 4. Bc4 Nxc3 5. bxc3 e6 6. Nf3 Bd6 7. O-O O-O 8.
d4 h6 9. Qe2 Nd7 10. Bd3 Nf6 11. Ne5 Nd5 12. Bd2 Ne7 13. Qe4 f5 14. Qe2 Qe8 15.
Rae1 Rf6 16. f4 h5 17. Bb5 c6 18. Bc4 b5 19. Bb3 c5 20. dxc5 Bxc5+ 21. Be3 Bxe3+
22. Qxe3 Bb7 23. Nf3 Nd5 24. Qe5 Qc6 25. Rf2 Re8 26. Ng5 Qc5 27. Kf1 a5 28. Rd2
Rd8 29. Nxe6 Ne3+ 30. Rxe3 Bxg2+ 31. Rxg2 Rd1+ 32. Ke2 Qe7 33. Ng5+ Re6 34. Bxe6+
Kh8 35. Nf7+ 1-0

[Event "XXV Miedzynarodowy Festiwal Szachowy w Poznaniu - OPEN A"]
[Site "Poznan"]
[Date "2017-08-20"]
[Round "2.29"]
[White "Glatty, Zbigniew "]
[Black "Wasiak, Stanislaw"]
[Result "1-0"]
[WhiteTitle ""]
[BlackTitle ""]
[WhiteElo "1879"]
[BlackElo "1551"]

1. e4 c6 2. d4 d5 3. Nc3 dxe4 4. Nxe4 Bf5 5. Ng3 Qd7 6. Nf3 Bg4 7. Be2 Bxf3 8.
Bxf3 e6 9. Be3 Nf6 10. c4 Bb4+ 11. Bd2 Qe7 12. O-O Bxd2 13. Qxd2 O-O 14. Rfe1
Rd8 15. b3 a5 16. Qg5 h6 17. Qf4 Qd6 18. Qe3 Qxd4 19. Rad1 Qxd1 20. Rxd1 Rxd1+
21. Bxd1 Na6 22. Qb6 Nb4 23. a3 Na6 24. Bf3 Rb8 25. h3 Nd7 26. Qxa5 Nac5 27. Qd2
Ne5 28. b4 Nxf3+ 29. gxf3 Na4 30. Qd1 b5 31. Qd6 Rb7 32. Qxc6 Rb6 33. Qe8+ Kh7
34. c5 Rb7 35. c6 Rc7 36. Qd7 Rxd7 37. cxd7 Nb6 38. d8=Q Nd5 1-0